How Titled Was My Movie III Quiz Stats

 Plays Quiz Updated Jun 27, 2017

Support Sporcle.
Go Orange.
Score 0/20 Timer 05:00
1 Play Today
% Correct
Edward Scissorhands
95.7%
Dumbo
95.7%
The Lion King
95.6%
Beauty and the Beast
89.6%
Goldfinger
89.5%
Freaky Friday
89.3%
Little Shop of Horrors
87.7%
Air Bud
86.7%
Caddyshack
85.9%
Pee-wee's Big Adventure
80.2%
% Correct
Honey, I Shrunk the Kids
80%
Mean Girls
79.1%
Up
77.9%
Napoleon Dynamite
74.4%
The Evil Dead
74.2%
Tootsie
74.1%
Twister
72.7%
Risky Business
71.6%
Harvey
69.6%
Titanic
67%

You're not logged in!

Compare scores with friends on all Sporcle quizzes.
OR
Log In
Forgot?

From the Vault

Gimme Five: Geography II

by MSUKent

We're fairly sure that 'gimme' isn't a word, but we're using it anyway.
Remove Ads.
Support Sporcle.
Get the best of Sporcle when you Go Orange. This ad-free experience offers more features, more stats, and more fun while also helping to support Sporcle. Thank you for becoming a member.

Show Comments

Extras

Top Quizzes Today


Score Distribution

Your Account Isn't Verified!

In order to create a playlist on Sporcle, you need to verify the email address you used during registration. Go to your Sporcle Settings to finish the process.

Report this User

Report this user for behavior that violates our Community Guidelines.

Details: